000 00580nam a22001937a 4500
005 20160108143001.0
010 _aENG-114384
020 _a9788179981016
_c200.00
035 _aEN-97916
037 _bDBAD/PUB
082 _a658.45
100 _aAgarwal, N.P.
245 _aBusiness communication skills :
_cby N. P. Agarwal [and] R.K. Tailor
_bas per the syllabus of BBA /
260 _aJaipur
_bMalik
_c2012
270 _a337,Chaura Rasta
_bJaipur
_e302003
300 _a355p. :
_c24cm(pbk)
_bill.
700 _aTailor, R.K.
942 _2ddc
_cEN
_mAGA
_h658.45
999 _c97923
_d97923